Central Library OPAC University of Rajshahi

The first new nation : (Record no. 27525)

MARC details
000 -LEADER
fixed length control field 00961nam a2200265 a 4500
001 - CONTROL NUMBER
control field 27525
003 - CONTROL NUMBER IDENTIFIER
rucl marc code BD-RjUL
005 - DATE AND TIME OF LATEST TRANSACTION
control field 20211209051151.0
008 - FIXED-LENGTH DATA ELEMENTS--GENERAL INFORMATION
fixed length control field 140325t19641963enk b 001 0 eng d
035 ## - SYSTEM CONTROL NUMBER
System control number (BD-RjUL)27599
040 ## - CATALOGING SOURCE
Original cataloging agency FHM
Transcribing agency FHM
Modifying agency EQO
-- BD-RjUL
Language of cataloging eng
041 ## - LANGUAGE CODE
Language code of text/sound track or separate title eng
082 00 - DEWEY DECIMAL CLASSIFICATION NUMBER
Classification number 917.3
Author mark and year LIF 1964
100 1# - MAIN ENTRY--PERSONAL NAME
Personal name Lipset, Seymour Martin.
9 (RLIN) 9970
245 14 - TITLE STATEMENT
Title The first new nation :
Remainder of title the United States in historical and comparative perspective /
Statement of responsibility, etc. Seymour Martin Lipset.
260 ## - PUBLICATION, DISTRIBUTION, ETC. (IMPRINT)
Place of publication, distribution, etc. London ;
-- Calcutta :
Name of publisher, distributor, etc. Heinemann,
-- Scientific Book Agency,
Date of publication, distribution, etc. c1963 [1964].
300 ## - PHYSICAL DESCRIPTION
Pagination xv, 366 p. ;
Size 23 cm.
500 ## - GENERAL NOTE
General note First published: New York : Basic Books, 1963.
504 ## - BIBLIOGRAPHY, ETC. NOTE
Bibliography, etc Includes bibliographical footnotes and indexes.
650 #0 - SUBJECT ADDED ENTRY--TOPICAL TERM
Topical term or geographic name as entry element National characteristics, American.
9 (RLIN) 51807
Topical term or geographic name as entry element Comparative government.
9 (RLIN) 84545
651 #0 - SUBJECT ADDED ENTRY--GEOGRAPHIC NAME
Geographic name United States
General subdivision Civilization.
9 (RLIN) 84546
830 #0 - SERIES ADDED ENTRY--UNIFORM TITLE
Uniform title Heinemann books on sociology
942 ## - ADDED ENTRY ELEMENTS (KOHA)
Source of classification or shelving scheme Dewey Decimal Classification
Koha item type Books
Holdings
Lost status Source of classification or shelving scheme Damaged status Not for loan Collection code Permanent Location Current Location Shelving location Date acquired Source of acquisition Cost, normal purchase price Total Checkouts Full call number Date last seen Copy number Koha item type
  Dewey Decimal Classification     Non-fiction Central Library, University of Rajshahi Central Library, University of Rajshahi   19/10/1968 Zeitlinger. 35.00   917.3 LIF 1964 25/03/2014 C-2 Books
  Dewey Decimal Classification     Non-fiction Central Library, University of Rajshahi Central Library, University of Rajshahi   10/02/1975 U.S.I.S, Dacca, Gift.     917.3 LIF 1974 25/03/2014 C-3 Books
  Dewey Decimal Classification     Non-fiction Central Library, University of Rajshahi Central Library, University of Rajshahi   10/07/1976 U.S.I.S, Dacca, Gift.     917.3 LIF 1974 25/03/2014 C-4 Books
  Dewey Decimal Classification     Non-fiction Central Library, University of Rajshahi Central Library, University of Rajshahi   10/07/1976 U.S.I.S, Dacca, Gift.     917.3 LIF 1974 25/03/2014 C-5 Books
  Dewey Decimal Classification   Not For Loan Non-fiction Central Library, University of Rajshahi Central Library, University of Rajshahi Reading Room 19/10/1968 Zeitlinger 35.00   917.3 LIF 1964 25/02/2017 C-1 Books